| 000 | 00870nam a2200241 i 4500 | ||
|---|---|---|---|
| 001 | 127362 | ||
| 003 | ES-MaACL | ||
| 005 | 20250815112923.0 | ||
| 007 | t| | ||
| 008 | 070214s1964 sp r ||||1| spa d | ||
| 100 | 1 |
_aRiegel, Emil Raymond. _997083 |
|
| 245 | 1 | 0 |
_aQuímica industrial / _cEmil Raymond Riegel ; dirigida por James A. Kent ; versión dirigida por José M. Costa ; presentación de la versión española por Angel Vian. |
| 260 |
_aBarcelona : _bGrijalbo, _c1964. |
||
| 300 |
_aXL, 1094 p. : _bil. ; _c25 cm. |
||
| 490 | 1 | _aTratados y manuales Grijalbo | |
| 650 | 0 | 7 |
_aQuímica industrial _2embne _916636 |
| 700 | 1 |
_aKent, James A. _967862 |
|
| 700 | 1 |
_aCosta, José María. _941062 |
|
| 700 | 1 |
_aVian Ortuño, Ángel. _9114278 |
|
| 830 | 0 |
_aTratados y manuales Grijalbo _9184019 |
|
| 852 |
_aES-MaACL _jC-25217 _bR.54035 |
||
| 999 |
_c127362 _d127362 |
||